Beyond COVID-19: Physical inspections for residential properties during COVID-19 (Record no. 121357)

MARC details
000 -LEADER
fixed length control field 01311nam a22002537a 4500
001 - CONTROL NUMBER
control field 121357
008 - FIXED-LENGTH DATA ELEMENTS--GENERAL INFORMATION
fixed length control field 230206s2020 xxk|||||o|||| 00| 0 eng d
041 ## - LANGUAGE CODE
Language code of text/sound track or separate title eng
110 ## - MAIN ENTRY--CORPORATE NAME
Corporate author Royal Institution of Chartered Surveyors
245 ## - TITLE STATEMENT
Title Beyond COVID-19: Physical inspections for residential properties during COVID-19
Statement of responsibility, etc [Wales]
Medium [Electronic resource]
Subtitle [withdrawn]
250 ## - EDITION
Edition statement version 4
260 ## - PUBLICATION INFORMATION
Place of publication London,
Publisher Royal Institution of Chartered Surveyors,
Date August 2021
300 ## - PHYSICAL DESCRIPTION
Physical description 10p.
520 ## - ABSTRACT
Abstract The purpose of this guidance is to enable RICS professionals and RICS regulated firms to deliver services to clients safely, consistently and in line with Welsh government guidelines.
520 ## - ABSTRACT
Abstract All legal restrictions on Covid in the UK were lifted in March 2022 but advice was still to be sensible and follow good medical advice/common sense. RICS withdrew Covid guides at the same time.
650 ## - KEYWORDS
Keywords COVID
651 ## - SUBJECT ADDED ENTRY--GEOGRAPHIC NAME
Geographic name Wales
690 ## - BROAD SUBJECT
9 (RLIN) 6225
Broad subject Building surveying
690 ## - BROAD SUBJECT
9 (RLIN) 6266
Broad subject Residential property
690 ## - BROAD SUBJECT
9 (RLIN) 6244
Broad subject Health and safety
710 ## - ADDED CORPORATE NAME
Added corporate author Royal Institution of Chartered Surveyors
856 ## - ONLINE RESOURCE
Uniform Resource Identifier <a href="https://www.rics.org/profession-standards/knowledge-and-information-services/document-delivery-and-other-kis-fees">https://www.rics.org/profession-standards/knowledge-and-information-services/document-delivery-and-other-kis-fees</a>
Public note To request a copy please email [email protected]
942 ## - ADDED ENTRY ELEMENTS (KOHA)
Suppress in OPAC Do not suppress in OPAC
Holdings
Lost status Source of classification or shelving scheme Damaged status Not for loan Current library Date acquired Total Checkouts Date last seen Price effective from Koha item type Public note
  Dewey Decimal Classification     Virtual 06/02/2023   06/02/2023 06/02/2023 Online material Please contact [email protected] to request a digital copy